[Event "Dieren op"]
[Site "Dieren"]
[Date "1990.??.??"]
[Round "4"]
[White "Reinderman, Dimitri"]
[Black "Martinovic, Slobodan"]
[Result "0-1"]
[WhiteElo "2245"]
[BlackElo "2410"]

1.e4 c5 2.Ne2 Nc6 3.Nbc3 g6 4.d4 cxd4 5.Nxd4 Bg7 6.Nde2 Nf6 7.g3 b5 8.Bg2 Rb8
9.O-O O-O 10.h3 d6 11.Be3 a6 12.Nd5 Bb7 13.c3 Nd7 14.Qd2 e6 15.Ndf4 Nce5
16.b3 Nf6 17.Qc2 Qc7 18.g4 h6 19.Ng3 Rbc8 20.Rac1 Rfd8 21.Nfe2 Ned7 22.Qd2 Kh7
23.g5 hxg5 24.Bxg5 d5 25.exd5 exd5 26.Rfe1 Kg8 27.Nd4 Nc5 28.h4 Re8 29.Bxf6 Bxf6
30.h5 Ne4 31.Nxe4 dxe4 32.Qh6 Bg7 33.Qe3 Qe5 34.hxg6 fxg6 35.Rc2 b4 36.Ne2 Bf6
37.Qb6 Qe7 38.Ng3 Rc6 39.Qa5 Rxc3 40.Rce2 Rxg3 41.fxg3 Bd4+ 42.Kh2 Qh7+ 43.Bh3 Bc8
44.Qd5+ Be6 45.Qxd4 Qxh3+ 46.Kg1 Qxg3+ 47.Kh1 Bg4 48.Qd5+ Kg7 49.Qb7+ Kf6
50.Qb6+ Kg5 51.Qc5+ Re5 52.Qc1+ Qf4 53.Rg2 Qxc1 54.Rxc1 Kf4 55.Kg1 g5 56.Rc6 Bf3
57.Rgc2 Rd5 58.Rf2 g4 59.Rxa6 e3  0-1

[Event "Dortmund op"]
[Site "Dortmund"]
[Date "1990.??.??"]
[Round "5"]
[White "Tischbierek, Raj"]
[Black "Pekarek, Ales"]
[Result "1/2-1/2"]
[WhiteElo "2440"]
[BlackElo "2475"]

1.e4 c5 2.Nc3 Nc6 3.Nge2 g6 4.d4 cxd4 5.Nxd4 Bg7 6.Nb3 Nf6 7.Be2 d6 8.O-O O-O
9.Bg5 h6 10.Bh4 a5 11.a4 Be6 12.f4 Rc8 13.Kh1 Nd7 14.f5 Bxb3 15.cxb3 g5 16.Bf2 Nce5
17.h4 Nf6 18.hxg5 hxg5 19.Bd4 Rxc3 20.bxc3 Nxe4 21.Qe1 Nc6 22.Bd3 Nc5 23.Bxc5 dxc5
24.Rd1 Bf6 25.Qe4 Kg7 26.Rf3 Ne5 27.Rh3 Qb6 28.Bc4 Rd8 29.Rd5 Rxd5 30.Qxd5 Qd6
31.Rd3 Nxc4 32.bxc4 Qf4 33.g3 Qf1+ 34.Kh2 Qe2+ 35.Kh1 Qf1+ 36.Kh2 Qe2+ 37.Kh1 g4
38.Rd1 Bxc3 39.Qd3 Qe5 40.Rf1 Kf6 41.Kh2 Be1 42.Rf4 Qb2+ 43.Kh1 Bf2  1/2-1/2

[Event "ESP-chT"]
[Site "?"]
[Date "1990.??.??"]
[Round "?"]
[White "Colas, Rafael P"]
[Black "Visier Segovia, Fernando"]
[Result "1/2-1/2"]
[WhiteElo "2240"]
[BlackElo "2315"]

1.e4 c5 2.Nc3 Nc6 3.Nf3 g6 4.Bb5 Bg7 5.O-O e5 6.Bxc6 bxc6 7.d3 d6 8.h3 Nf6
9.Be3 O-O 10.Qd2 Ne8 11.Nh2 Nc7  1/2-1/2

[Event "ESP-ch"]
[Site "ESP"]
[Date "1990.??.??"]
[Round "9"]
[White "De la Villa Garcia, Jesus Maria"]
[Black "Fernandez Aguado, Juan Luis"]
[Result "1-0"]
[WhiteElo "2475"]
[BlackElo "2320"]

1.e4 c5 2.Nc3 Nc6 3.Bb5 g6 4.Bxc6 bxc6 5.d3 Bg7 6.Nge2 d6 7.O-O e6 8.Be3 Ne7
9.Qd2 O-O 10.Bh6 Qc7 11.Rae1 f6 12.Bxg7 Kxg7 13.f4 Bd7 14.Kh1 Rf7 15.e5 d5
16.exf6+ Rxf6 17.Na4 c4 18.Nc5 Qd6 19.Nxd7 Qxd7 20.dxc4 Raf8 21.Nd4 c5 22.Nb3 Qd6
23.cxd5 c4 24.Rxe6 Rxe6 25.dxe6 Qxd2 26.Nxd2 c3 27.bxc3 Rf6 28.Re1 Rxf4 29.Ne4 Rf5
30.Nd6 Ra5 31.g4 Kf6 32.h4 Re5 33.Ne4+ Kg7 34.Re2 Rxe6 35.Ng3 Kf7 36.Rxe6 Kxe6
37.Kg2 Nd5 38.Ne4 Ne3+ 39.Kf3 Nxc2 40.Ng5+ Ke5 41.Nxh7 Ne1+ 42.Kf2 Nd3+ 43.Ke3 Nf4
44.Ng5 Nd5+ 45.Kd3 Kf4 46.Kd4 Nxc3 47.Kxc3 Kxg4 48.Kb4 Kxh4 49.Nf7 Kg4 50.Kb5 Kf5
51.Ka6 Ke6 52.Ng5+ Kd6 53.a4 Kc5 54.a5 Kb4 55.Ne4 Ka4 56.Nc3+ Kb4 57.Nb5 g5
58.Nxa7 g4 59.Nc6+ Kc5 60.Ne5 g3 61.Kb7 g2 62.Nf3 Kd5 63.a6 Ke4 64.Ng1  1-0

[Event "FIN-chT"]
[Site "?"]
[Date "1990.??.??"]
[Round "?"]
[White "Valkesalmi, Kimmo"]
[Black "Pyhala, Antti"]
[Result "0-1"]
[WhiteElo "2400"]
[BlackElo "2375"]

1.e4 c5 2.Nc3 Nc6 3.Bb5 d6 4.Bxc6+ bxc6 5.d3 g6 6.f4 Bg7 7.Qf3 Rb8 8.Nge2 Nf6
9.O-O O-O 10.h3 Nd7 11.b3 f5 12.Bb2 Nb6 13.Nd1 fxe4 14.Qxe4 d5 15.Qe3 d4
16.Qg3 Nd5 17.a3 Qd6 18.Bc1 e5 19.Nb2 Ba6 20.Nc4 Bxc4 21.bxc4 exf4 22.Bxf4 Nxf4
23.Rxf4 Rfe8 24.Re4 Be5 25.Qg4 Rf8 26.Kh1 Rb2 27.Ng1 Rxc2 28.Rae1 Bg3 29.Re6 Qc7
30.Re7 Qf4 31.Qe6+ Kh8 32.Qd7 Qh6 33.Rb1 Rxg2 34.Rxh7+ Kg8 35.Rg7+ Qxg7 36.Qxg7+ Kxg7
37.Kxg2 Bf4 38.Rb7+ Kh6 39.Rxa7 Rb8 40.Ne2 Be3 41.Kf3 Rf8+ 42.Ke4 Rf2 43.Ng3 Rf4+
44.Ke5 Rf3 45.Ne4 Bf4+ 46.Ke6 Rxd3 47.Rf7 Bc1 48.Nxc5 Re3+ 49.Kd6 d3 50.Nb3 d2
51.Nxd2 Bxd2 52.Rf2 Be1 53.Ra2 Rxa3 54.Rxa3 Bb4+ 55.Kxc6 Bxa3 56.Kd5 Kh5
57.Ke6 g5 58.Kf6 Kh4 59.Kg6 Bc5 60.Kf5 Ba7  0-1

[Event "AUT-ch sf"]
[Site "Finkenstein"]
[Date "1990.??.??"]
[Round "?"]
[White "Schumi, Manfred"]
[Black "Kummer, Helmut"]
[Result "1/2-1/2"]
[WhiteElo "2265"]
[BlackElo "2270"]

1.e4 c5 2.Nc3 Nc6 3.Nf3 e5 4.Bc4 d6 5.d3 Be7 6.O-O Nf6 7.Ng5 O-O 8.f4 exf4
9.Bxf4 h6 10.Nf3 Be6 11.Qd2 d5 12.exd5 Nxd5 13.Bxd5 Bxd5 14.Bxh6 gxh6 15.Qxh6 Be6
16.Ne4 Bf5 17.Rae1 Bg6 18.Ng3 Qd6 19.Nh5 Bxh5 20.Qxh5 Qg6 21.Qh3 Rad8 22.Ne5 Nxe5
23.Rxe5 Bg5 24.Rf3 f6 25.Qe6+ Kg7 26.Qe7+ Rf7 27.Qxd8 fxe5 28.Rxf7+ Kxf7
29.Qc7+ Ke6 30.Qxc5 Qh6 31.Qc8+ Kd6 32.Qxb7 Be3+ 33.Kh1 Bb6 34.Qb8+ Bc7 35.Qb4+ Kd7
36.Qb5+ Kd8 37.Qd5+ Ke7 38.Qc5+ Kd8 39.Qd5+ Ke7 40.Qc5+ Kd8  1/2-1/2

[Event "FRA-chT"]
[Site "FRA"]
[Date "1990.??.??"]
[Round "?"]
[White "Roos, Jean Luc"]
[Black "Belkhodja, Slim"]
[Result "1/2-1/2"]
[WhiteElo "2310"]
[BlackElo "2400"]

1.e4 c5 2.Nc3 Nc6 3.Nge2 e6 4.h3 d5 5.exd5 exd5 6.d4 Nf6 7.Be3 c4 8.g3 Bf5
9.Bg2 Qd7 10.a3 Bd6 11.g4 Be4 12.Bxe4 Nxe4 13.Nxe4 dxe4 14.Nc3 O-O 15.Nxe4 Rae8
16.Nxd6 Qxd6 17.Qd2 b5 18.O-O-O Qd5 19.c3 a5 20.Qc2 Re4 21.Rhe1 Rfe8 22.Bd2 h5
23.Rxe4 Rxe4 24.Re1 Rxe1+ 25.Bxe1 hxg4 26.hxg4 Qg5+ 27.Qd2 Qxg4 28.Qe3 Qd7
29.Qe4 f5 30.Qf4 Kf7 31.Qf3 Ne7 32.Bd2 Nd5 33.Qh5+ Kg8 34.Qg6 Nf6 35.f3 Nd5
36.Qa6 a4 37.Qg6 Ne7 38.Qg3 Kf7 39.Bf4 Qe6 40.Be5 Qg6 41.Qe1 Nd5 42.Bg3 Qh6+
43.Kb1 Qe6 44.Be5 Qg6 45.Qh4 f4+ 46.Ka1 Qg1+ 47.Ka2 Qg2 48.Qh5+ Qg6 49.Qh3 Qe6
50.Qh5+ Qg6 51.Qh3 Nxc3+ 52.bxc3 Qc2+ 53.Ka1 Qxc3+ 54.Kb1 Qb3+ 55.Ka1 Qxa3+
56.Kb1 Qd3+ 57.Ka1 Qd1+ 58.Ka2 Qc2+ 59.Ka1 Qc1+ 60.Ka2  1/2-1/2

[Event "Arnold Cup"]
[Site "Gausdal"]
[Date "1990.??.??"]
[Round "2"]
[White "Westerinen, Heikki MJ"]
[Black "Gausel, Einar"]
[Result "1-0"]
[WhiteElo "2475"]
[BlackElo "2440"]

1.e4 c5 2.Nf3 Nc6 3.Nc3 Nf6 4.Bb5 g6 5.e5 Ng4 6.Bxc6 dxc6 7.h3 Nh6 8.g4 Bg7
9.d3 f5 10.g5 Nf7 11.Qe2 Be6 12.Bf4 Qa5 13.O-O h6 14.h4 Qb4 15.Qe3 hxg5 16.hxg5 Rh3
17.Kg2 Rxf3 18.Kxf3 Bxe5 19.Rg1 Bxf4 20.Qxf4 Qxb2 21.Rae1 Nd8 22.Qd2 Qb4
23.Ke2 Bg8 24.Kf1 Qh4 25.Qe3 Ne6 26.Qg3 Qb4 27.Qe5 O-O-O 28.Ne2 Qh4 29.Qg3 Qa4
30.Rc1 Qxa2 31.Rh1 Qb2 32.Rh6 Nd4 33.Qe5 Qa3 34.Rxg6 Nxe2 35.Re1 Nd4 36.Qxe7 Qb4
37.Rg7 Qb6 38.c3 Bd5 39.cxd4 cxd4 40.g6 a5 41.Rf7 a4 42.Rf8 Qc7 43.g7 Qxe7
44.Rxe7 a3 45.Ree8 Rxe8 46.Rxe8+ Kc7 47.g8=Q Bxg8 48.Rxg8 b5 49.Ke2 Kb6 50.Ra8 b4
51.Kd2 c5 52.Kc2 c4 53.dxc4 Kc5 54.Kb3 d3 55.Rd8 a2 56.Rd5+  1-0

[Event "Arnold Cup"]
[Site "Gausdal"]
[Date "1990.??.??"]
[Round "9"]
[White "Berg, Klaus"]
[Black "Wessman, Richard"]
[Result "1-0"]
[WhiteElo "2410"]
[BlackElo "2505"]

1.e4 c5 2.Nc3 Nc6 3.Nge2 d6 4.d4 cxd4 5.Nxd4 Nf6 6.Bc4 e6 7.Be3 Be7 8.Qe2 a6
9.O-O-O Qc7 10.Bb3 Na5 11.g4 b5 12.g5 Nxb3+ 13.axb3 Nd7 14.h4 b4 15.Na4 Nc5
16.h5 Bd7 17.Kb1 Bxa4 18.bxa4 Rc8 19.g6 Bf6 20.gxf7+ Qxf7 21.h6 g6 22.Bc1 O-O
23.f4 Bxd4 24.Rxd4 b3 25.Rh3 e5 26.Rxd6 exf4 27.Rf3 bxc2+ 28.Qxc2 Nd7 29.Rc3 Rxc3
30.Qxc3 Nf6 31.Qd4 Nh5 32.Rd7 Qf6 33.Qd5+ Kh8 34.Bd2 f3 35.Bc3 f2 36.Qd3 Kg8
37.Bxf6 Nxf6 38.Qc4+  1-0

[Event "BL2-N8990"]
[Site "Germany"]
[Date "1990.??.??"]
[Round "?"]
[White "Konieczka, Frank"]
[Black "Kern, Johannes"]
[Result "0-1"]
[WhiteElo "2215"]
[BlackElo "2240"]

1.e4 c5 2.Nc3 Nc6 3.Bb5 Nd4 4.Bc4 g6 5.Nge2 Bg7 6.Nxd4 cxd4 7.Qf3 e6 8.Nb5 Be5
9.c3 dxc3 10.dxc3 a6 11.Nd4 Qc7 12.Bb3 b6 13.Bg5 Bb7 14.Qe3 h6 15.Bh4 Nf6
16.Bxf6 Bxf6 17.O-O g5 18.Rfe1 g4 19.Qg3 Qxg3 20.hxg3 O-O-O 21.f4 h5 22.e5 Be7
23.Kf2 f5 24.exf6 Bxf6 25.Nc2 h4 26.gxh4 g3+ 27.Kg1 Rxh4 28.Re3 Rdh8 29.Rxg3 Rh1+
30.Kf2 Rxa1 31.Nxa1 Bh4  0-1

[Event "BL2-SW8990"]
[Site "Germany"]
[Date "1990.??.??"]
[Round "?"]
[White "Ristic, Nenad"]
[Black "Koerholz, Ludger"]
[Result "1-0"]
[WhiteElo "2415"]
[BlackElo "2255"]

1.e4 c5 2.Nf3 Nc6 3.Nc3 g6 4.d4 cxd4 5.Nxd4 Bg7 6.Be3 Nf6 7.Bc4 O-O 8.Bb3 a5
9.a4 Ng4 10.Qxg4 Nxd4 11.Qh4 Nxb3 12.cxb3 Ra6 13.Rd1 d6 14.Nd5 Re8 15.Bd4 Bxd4
16.Rxd4 Kg7 17.O-O e6 18.Qxd8 Rxd8 19.Nc7 Rc6 20.Nb5 e5 21.Rd3 Be6 22.Rfd1 d5
23.f4 Bg4 24.R1d2 exf4 25.h3 Be6 26.exd5 Rc1+ 27.Kf2 Bf5 28.Rc3 Ra1 29.Rc7 Rd7
30.Rxd7 Bxd7 31.Nd6 b6 32.Nc4 Bc8 33.d6  1-0

[Event "Bundesliga 8990"]
[Site "Germany"]
[Date "1990.??.??"]
[Round "?"]
[White "Bastian, Herbert"]
[Black "Neurohr, Stephan"]
[Result "1-0"]
[WhiteElo "2340"]
[BlackElo "2325"]

1.e4 c5 2.Nc3 Nc6 3.Nge2 g6 4.g3 Bg7 5.Bg2 d6 6.O-O e6 7.d3 Nge7 8.Bg5 O-O
9.Qd2 b6 10.Bh6 Bxh6 11.Qxh6 d5 12.g4 d4 13.Nb5 e5 14.f4 Kh8 15.f5 Ng8 16.Qh3 g5
17.Qh5 f6 18.h4 Ba6 19.a4 Bxb5 20.axb5 Nb4 21.hxg5 fxg5 22.Rac1 a6 23.bxa6 Rxa6
24.Rf3 b5 25.Qh2 Qe7 26.c3 Nc6 27.cxd4 Nxd4 28.Nxd4 cxd4 29.Rf2 Rfa8 30.Bf3 Ra1
31.Rc2 Rxc1+ 32.Rxc1 Nf6 33.Bd1 Kg7 34.Qd2 h6 35.Kg2 Ra7 36.Kg3 Rc7 37.Ra1 Ra7
38.Rc1 Rc7 39.Ra1 Ra7 40.Rxa7 Qxa7 41.Qb4 Qd7 42.Qc5 Qe8 43.Qc7+ Kf8 44.Qc5+ Kg7
45.Qd6 Ng8 46.Bb3 h5 47.gxh5  1-0

[Event "BL2-S8990"]
[Site "Germany"]
[Date "1990.??.??"]
[Round "?"]
[White "Migl, Dieter"]
[Black "Leitner, Maximilian"]
[Result "0-1"]
[WhiteElo "2235"]
[BlackElo "2245"]

1.e4 c5 2.Nc3 Nc6 3.Nf3 d6 4.d4 cxd4 5.Nxd4 Nf6 6.Be2 e6 7.O-O Nxd4 8.Qxd4 a6
9.Bg5 Be7 10.Rad1 Qa5 11.Bxf6 gxf6 12.Kh1 h5 13.f4 Bd7 14.Bf3 Bc6 15.Rfe1 h4
16.b4 Qc7 17.a4 Rc8 18.Rd3 Bd7 19.Nd5 exd5 20.exd5 Kf8 21.Rxe7 Kxe7 22.Re3+ Kf8
23.Qxf6 Rh7 24.Be4 Rg7 25.Qh6 Kg8 26.f5 f6 27.Qxf6 Qc4 28.h3 Qf1+  0-1

[Event "Graested"]
[Site "Graested"]
[Date "1990.??.??"]
[Round "3"]
[White "Hector, Jonny"]
[Black "Kuijf, Marinus"]
[Result "1-0"]
[WhiteElo "2465"]
[BlackElo "2490"]

1.e4 c5 2.Nf3 Nc6 3.Nc3 Nf6 4.Bb5 Nd4 5.e5 Nxb5 6.Nxb5 Nd5 7.Ng5 f5 8.c4 Nc7
9.Qf3 g6 10.Nc3 Bg7 11.Qg3 O-O 12.h4 f4 13.Qf3 Rf5 14.Nce4 b6 15.h5 Bb7 16.hxg6 hxg6
17.Qh3 Qe8 18.Qh7+ Kf8 19.Rh6 Bxe4 20.Rxg6 Qxg6 21.Qxg6 Bd3 22.Kd1 Ne6 23.Nf3 Nd4
24.Nxd4 cxd4 25.a4 f3 26.gxf3 e6 27.Ra3 Bxc4 28.f4 d3 29.Rc3 Rxf4 30.b3 Bd5
31.Rxd3 Rxf2 32.Rxd5 exd5 33.Qd6+ Ke8 34.e6 Rd8 35.Ba3  1-0

[Event "Groningen"]
[Site "Groningen"]
[Date "1990.??.??"]
[Round "?"]
[White "Rogers, Ian"]
[Black "Shirov, Alexei"]
[Result "1-0"]
[WhiteElo "2535"]
[BlackElo "2580"]

1.e4 c5 2.Nc3 Nc6 3.Nge2 d6 4.d4 cxd4 5.Nxd4 Nf6 6.Be2 e5 7.Nb3 Be7 8.O-O O-O
9.Re1 Be6 10.Bf1 a5 11.Nd5 a4 12.Nxe7+ Qxe7 13.Nd2 d5 14.c3 d4 15.Nf3 Rfd8
16.Qc2 Bg4 17.Nh4 a3 18.bxa3 dxc3 19.Qxc3 Nd4 20.Bb2 Rac8 21.Qg3 Nc2 22.Bxe5 Nxe1
23.Rxe1 Rc2 24.h3 Nh5 25.Qxg4 Qxe5 26.Nf5 g6 27.Rb1 Rc7 28.Ne3 Nf6 29.Qh4 Kg7
30.Rb5 Qd4 31.Nf5+ gxf5 32.Qg3+ Kh8 33.Qxc7 Nxe4 34.Qf4 Nc3 35.Qxd4+ Rxd4
36.Rb3 Ne4 37.Rd3 Ra4 38.Be2 Kg7 39.f3 Ng3 40.Kf2 f4 41.Rb3 Nxe2 42.Kxe2 Kf6
43.Rxb7 Rxa3 44.Rb2 Kg5 45.Kd1 Kh4 46.Kc1 Kg3 47.Rd2 h5 48.Kb2 Ra8 49.a3 h4
50.Kb3 Rb8+ 51.Kc4 Rc8+ 52.Kb5 Rb8+ 53.Kc6 Rc8+ 54.Kd7 Ra8 55.Ra2 Rxa3 56.Rxa3 Kxg2
57.Kd6 Kxh3 58.Ke5 Kg3 59.Ke4 h3 60.Ra5 h2 61.Rh5 Kg2 62.Kxf4 h1=Q 63.Rxh1 Kxh1
64.Kg3  1-0

[Event "Groningen op"]
[Site "Groningen"]
[Date "1990.??.??"]
[Round "2"]
[White "Delanoy, Arnaud"]
[Black "Ermenkov, Evgenij"]
[Result "1/2-1/2"]
[WhiteElo "2260"]
[BlackElo "2465"]

1.e4 c5 2.Nc3 Nc6 3.Nf3 e5 4.Bc4 d6 5.d3 h6 6.O-O g5 7.Nd5 Bg7 8.c3 Nge7
9.Nxe7 Qxe7 10.Ne1 Be6 11.Nc2 Bxc4 12.dxc4 Qe6 13.Ne3 O-O 14.b3 Ne7 15.Nd5 Nxd5
16.Qxd5 Qxd5 17.cxd5 f5 18.f3 Kh7 19.g4 fxg4 20.fxg4 Rf4 21.Bxf4 exf4 22.Rac1 Re8
23.Rfe1 h5 24.h3 Kg6 25.Kf2 Rh8 26.gxh5+ Rxh5 27.Rh1 Rh4 28.Kf3 Be5 29.Rcg1 Bxc3
30.Rg4 Kh5 31.Rxh4+ Kxh4 32.Rg1 Bf6 33.Rg4+ Kxh3 34.Rg1 Kh2 35.Rg2+ Kh1 36.Re2 Be5
37.Rg2 Bf6 38.Re2 Be5 39.Rg2  1/2-1/2

[Event "HUN-chop"]
[Site "Gyor"]
[Date "1990.??.??"]
[Round "9"]
[White "Petrienko, Vladimir"]
[Black "Larsen, S."]
[Result "1/2-1/2"]
[WhiteElo "2440"]
[BlackElo "2280"]

1.e4 c5 2.Nc3 Nc6 3.Nf3 d6 4.d4 cxd4 5.Nxd4 Nf6 6.Be2 g6 7.Be3 Bg7 8.Nb3 O-O
9.f4 Be6 10.g4 d5 11.f5 Bc8 12.exd5 Nb4 13.Bf3 gxf5 14.a3 fxg4 15.Bg2 Na6
16.Qd3 Qd6 17.O-O-O Qe5 18.Rdf1 Qh5 19.Bd4 Qg6 20.Qe2 Re8 21.h3 e5 22.dxe6 Bxe6
23.Qb5 Rad8 24.Bxa7 Nc7 25.Qxb7 Ncd5 26.Nxd5 Nxd5 27.Rf2 Re7 28.Qa6 Ra8 29.Qc6 Rexa7
30.Bxd5 Qg5+ 31.Rd2 Rc8 32.Qb5 Rac7 33.Kb1 gxh3 34.c3 Rc5 35.Nxc5 Bxd5 36.Qd7 Rxc5
37.Rhd1 Bg2 38.Qe8+ Bf8 39.Rd8 Qg7 40.Qe3 Re5 41.Qf4 Re4 42.Qb8 f5 43.Rxf8+ Qxf8
44.Rd8  1/2-1/2

[Event "Hamburg IMT"]
[Site "Hamburg"]
[Date "1990.??.??"]
[Round "2"]
[White "Horvath, Tamas"]
[Black "Luecke, Norbert"]
[Result "0-1"]
[WhiteElo "2415"]
[BlackElo "2350"]

1.e4 c5 2.Nf3 Nc6 3.Nc3 e5 4.Bc4 d6 5.d3 h6 6.Nd5 Nf6 7.c3 Be7 8.a3 O-O 9.b4 Nxd5
10.Bxd5 Bf6 11.h3 Ne7 12.Ba2 b6 13.O-O Bb7 14.Nh2 Kh7 15.Ng4 Ng6 16.g3 Bc8
17.Kh2 Be6 18.Ne3 Bg5 19.Qf3 Qd7 20.Nf5 Bxc1 21.Rfxc1 Ne7 22.Ne3 Rae8 23.g4 Rd8
24.Qg3 Bxa2 25.Rxa2 Qe6 26.c4 g6 27.Rf1 f6 28.h4 Rf7 29.f4 f5 30.exf5 gxf5
31.g5 exf4 32.Qxf4 Qe5 33.Rff2 hxg5 34.hxg5 Ng6 35.Qxe5 Nxe5 36.Kh3 Nxd3
37.Rg2 Nf4+ 38.Kh2 Nxg2 39.Rxg2 cxb4 40.axb4 f4 41.Nd5 Rg8 42.Re2 Rxg5 43.Re6 Rh5+
44.Kg2 f3+ 45.Kf2 Rh2+ 46.Kg3 Rg2+ 47.Kh3  0-1

[Event "Hastings Challengers9091"]
[Site "Hastings"]
[Date "1990.??.??"]
[Round "?"]
[White "Tischbierek, Raj"]
[Black "Parker, Jonathan"]
[Result "0-1"]
[WhiteElo "2495"]
[BlackElo "2355"]

1.e4 c5 2.Nc3 Nc6 3.Nge2 g6 4.d4 cxd4 5.Nxd4 Bg7 6.Nb3 Nf6 7.Be2 d6 8.O-O O-O
9.Bg5 Be6 10.Kh1 Qc8 11.f4 Rd8 12.Bf3 Bc4 13.Rf2 h6 14.Bh4 e5 15.f5 g5 16.Bg3 b5
17.a3 a5 18.Nd2 Nd4 19.Nxc4 Qxc4 20.Be2 Qc5 21.Bd3 Re8 22.Rf1 Rad8 23.Bf2 b4
24.Ne2 d5 25.axb4 axb4 26.exd5 Qxd5 27.Bxd4 exd4 28.Ng3 Re3 29.b3 Qe5 30.Ra7 Qb8
31.Ra6 Rde8 32.Bc4 Rxg3 33.hxg3 Ne4 34.Kg1 Nxg3 35.f6 Bf8 36.Qf3 Qc7 37.Rc6 Qe5
38.Qd3 Ne4 39.Re1 Qf4 40.Bxf7+ Kxf7 41.Qc4+ Kg6 42.f7+ Kh7 43.Rf6 Qxf6 44.Rf1 Rd8  0-1

[Event "Balkaniad"]
[Site "Kavala"]
[Date "1990.??.??"]
[Round "4"]
[White "Makropoulou, Marina"]
[Black "Aleksieva, Silvia"]
[Result "1-0"]
[WhiteElo "2230"]
[BlackElo "2040"]

1.e4 c5 2.Nc3 Nc6 3.Nge2 g6 4.d4 cxd4 5.Nxd4 Bg7 6.Be3 Nf6 7.Nxc6 bxc6 8.e5 Nd5
9.Nxd5 cxd5 10.Qxd5 Rb8 11.Bc4 O-O 12.O-O Qc7 13.Qc5 Qxe5 14.Qxe5 Bxe5 15.Bxa7 Rb7
16.Be3 Bxb2 17.Rab1 Bf6 18.a4 Rc7 19.Bd3 d5 20.Bb6 Rc3 21.a5 Ra3 22.Rb5 Be6
23.h3 Ra8 24.Rfb1 Bc3 25.R5b3 Rxb3 26.cxb3 Bxa5 27.Ra1 Rb8 28.Bxa5 Rxb3 29.Bc2 Rb7
30.Rb1 Rxb1+ 31.Bxb1 Bd7 32.Bc3 f6 33.Ba2 Bc6 34.f4 Kf7 35.Kf2 e6 36.g3 h6
37.Ke3 g5 38.Bb1 gxf4+ 39.gxf4 Bb5 40.Bc2 Bf1 41.h4 h5 42.Kd4 Be2 43.Kc5 Ke7
44.Bg6 f5 45.Bg7 Bf3 46.Kd4 Kd6 47.Bf8+ Kc6 48.Be8+ Kc7 49.Be7 Bg4 50.Ke5 Bf3
51.Bc5 Kd8 52.Bf7  1-0

[Event "Balkaniad-J"]
[Site "Kavala"]
[Date "1990.??.??"]
[Round "5"]
[White "Tonkov, Bojan"]
[Black "Tzermiadianos, Andreas"]
[Result "1/2-1/2"]
[WhiteElo "2290"]
[BlackElo "2260"]

1.e4 c5 2.Nf3 Nc6 3.Nc3 e5 4.Bc4 d6 5.h3 h6 6.O-O g5 7.Nh2 Nd4 8.d3 Bg7 9.Nd5 Ne7
10.c3 Ne6 11.Qh5 Nxd5 12.Bxd5 Qe7 13.Be3 Nc7 14.Bb3 a5 15.a3 a4 16.Bc2 Ra6
17.Rad1 O-O 18.Ng4 Bxg4 19.Qxg4 Ne6 20.g3 Qd8 21.Qf5 Qf6 22.Qxf6 Bxf6 23.Bb1 Rb6
24.Bc1 c4 25.dxc4 Rc8 26.Rd5 Rxc4 27.Rfd1 Be7 28.Ra5 Nc5 29.Ra8+ Kg7 30.Re8 Bf6
31.f3 Nd7 32.Bc2 Rbc6 33.Bd3 R4c5 34.Ra8 Nb6 35.Ra7 d5 36.Rxb7 d4 37.Bd2 Nc4
38.Bxc4 Rxc4 39.Be1 Kg6 40.Kf1 Bd8 41.Rb5 f6 42.Ke2 Bb6 43.Rb4 f5 44.Rxc4 Rxc4
45.Kd3 Rc8 46.Bf2 Rb8 47.Rc1 fxe4+ 48.fxe4 Rf8  1/2-1/2

[Event "Kecskemet"]
[Site "Kecskemet"]
[Date "1990.??.??"]
[Round "9"]
[White "Barczay, Laszlo"]
[Black "Muse, Mladen"]
[Result "0-1"]
[WhiteElo "2335"]
[BlackElo "2425"]

1.e4 c5 2.Nf3 Nc6 3.Nc3 e5 4.Bc4 Be7 5.d3 Nf6 6.Ng5 O-O 7.f4 exf4 8.Bxf4 d6
9.O-O h6 10.Nf3 Be6 11.Qd2 d5 12.exd5 Nxd5 13.Bxd5 Bxd5 14.Bxh6 gxh6 15.Qxh6 Be6
16.Ne4 Bf5 17.Nfg5 Bg6 18.h4 Qd4+ 19.Kh1 Qg7 20.Qxg7+ Kxg7  0-1

[Event "JUG-ch"]
[Site "Kladovo"]
[Date "1990.??.??"]
[Round "?"]
[White "Todorovic, Goran M"]
[Black "Vukovic, Zdravko"]
[Result "1/2-1/2"]
[WhiteElo "2415"]
[BlackElo "2425"]

1.e4 c5 2.Nf3 Nc6 3.Nc3 d6 4.d4 cxd4 5.Nxd4 Nf6 6.Bc4 Qb6 7.Ndb5 a6 8.Be3 Qd8
9.Nd4 Ng4 10.Nxc6 bxc6 11.Qf3 Ne5 12.Qe2 g6 13.f4 Nxc4 14.Qxc4 Bg7 15.Bd4 Bxd4
16.Qxd4 O-O 17.O-O Rb8 18.b3 Qb6 19.Qxb6 Rxb6 20.Rad1 f6 21.Na4 Rb4 22.c4 Be6
23.Rfe1 Kf7 24.e5 Rd8 25.exd6 exd6 26.Nc5 Bc8 27.Rd4 Rb8 28.Red1 Ke7 29.Re4+ Kf7
30.Red4 Ke7 31.Ne4 d5 32.Nc3 Bg4 33.Re1+ Kf7 34.cxd5 cxd5 35.Rxd5 Rbc8 36.h3 Rxd5
37.Nxd5 Be6 38.Ne3 a5 39.Rd1 Rc3 40.Kf2 a4 41.bxa4 Ra3 42.Rd4 Rxa2+ 43.Kf3 Ra3
44.Ke2 Ra2+ 45.Kd3 Ra3+ 46.Kd2 Ra2+ 47.Kc1 Bb3 48.Rd7+ Ke6 49.Rxh7 Re2 50.Ng4 Bxa4
51.Ra7 Bd7 52.Ra6+ Ke7 53.Nxf6 Be6 54.f5 gxf5 55.Nh5 Rf2 56.Ra7+ Kd6 57.Kd1 Bb3+
58.Ke1 Rxg2 59.Ra5 Bc2 60.Nf4 Rh2  1/2-1/2

[Event "JUG-sf"]
[Site "Kladovo"]
[Date "1990.??.??"]
[Round "8"]
[White "Vujadinovic, Goran"]
[Black "Kosanovic, Goran A"]
[Result "1/2-1/2"]
[WhiteElo "2370"]
[BlackElo "2405"]

1.e4 c5 2.Nc3 Nc6 3.Nf3 d6 4.d4 cxd4 5.Nxd4 Nf6 6.Bc4 e6 7.Be3 Be7 8.Bb3 a6
9.f4 Bd7 10.Qf3 Qc7 11.O-O Nxd4 12.Bxd4 Bc6 13.a4 O-O 14.f5 e5 15.Bf2 b5
16.axb5 axb5 17.Rxa8 Rxa8 18.Bh4 b4 19.Bxf6 Bxf6 20.Nd5 Bxd5 21.Bxd5  1/2-1/2

[Event "POL-ch Girls U20"]
[Site "Konin"]
[Date "1990.??.??"]
[Round "6"]
[White "Turczynowicz, Jolanta"]
[Black "Szafraniec, Izabela"]
[Result "0-1"]
[WhiteElo "2060"]
[BlackElo "1945"]

1.e4 c5 2.Nc3 Nc6 3.Nge2 g6 4.d4 cxd4 5.Nxd4 Bg7 6.Be3 d6 7.Bc4 Nf6 8.f3 a6
9.Qd2 Qc7 10.Bb3 O-O 11.h4 Na5 12.O-O-O Nc4 13.Bxc4 Qxc4 14.h5 b5 15.Nb3 a5
16.Kb1 a4 17.Nd4 b4 18.Nd5 Nxd5 19.exd5 b3 20.cxb3 axb3 21.a3 Qxd5 22.g4 e5
23.Nf5 Bxf5+ 24.gxf5 Qxf3 25.Rdf1 Qe4+ 26.Ka1 Rfc8 27.Rc1 Qxf5 28.hxg6 hxg6
29.Rhf1 Qe6 30.Bh6 d5 31.Rh1 Bh8 32.Rcf1 Rc7 33.Qg5 e4 34.Bf8 Qe5 35.Rxh8+ Qxh8
36.Rb1 Kxf8  0-1

[Event "Mitropa-Cup"]
[Site "Leibnitz"]
[Date "1990.??.??"]
[Round "1"]
[White "Berend, Fred"]
[Black "Wittmann, Walter"]
[Result "1-0"]
[WhiteElo "2225"]
[BlackElo "2410"]

1.e4 c5 2.Nc3 Nc6 3.Nf3 d6 4.Bb5 Bd7 5.O-O e6 6.Re1 Be7 7.d3 Nf6 8.Bf4 O-O
9.a4 Qb6 10.e5 dxe5 11.Nxe5 Nxe5 12.a5 Qd8 13.Bxe5 Bxb5 14.Nxb5 a6 15.Nc3 Nd7
16.Qf3 Nxe5 17.Rxe5 Qc7 18.Re4 Rad8 19.Nd1 Bf6 20.Rc4 Rd7 21.Ra2 Bd4 22.g3 Qe5
23.Kf1 Qg5 24.Ra1 Rfd8 25.h4 Qg6 26.Nc3 f5 27.Na4 e5 28.Re1 Rf7 29.c3 e4
30.Qf4 exd3 31.cxd4 Qc6 32.f3 Qb5 33.d5 d2 34.Rd1 Rxd5 35.Nc3 Qb3 36.Kf2 Rd3
37.Rxc5 Rxc3 38.Rxc3 Qxd1 39.Rc8+ Rf8 40.Qc4+  1-0

[Event "Moscow1"]
[Site "Moscow"]
[Date "1990.??.??"]
[Round "?"]
[White "Losev, Dmitry"]
[Black "Beshukov, Sergei"]
[Result "1-0"]
[WhiteElo "2340"]
[BlackElo "2330"]

1.e4 c5 2.Nf3 Nc6 3.Nc3 Nf6 4.e5 Ng4 5.Qe2 Qc7 6.Nb5 Qb8 7.d4 a6 8.Nd6+ exd6
9.exd6+ Kd8 10.dxc5 Bxd6 11.Ng5 Nh6 12.cxd6 Qxd6 13.Ne4 Qe5 14.Nc3 Nf5 15.Qxe5 Nxe5
16.Bd2 d6 17.O-O-O Be6 18.Ne4 Kc7 19.Bb4 Rhd8 20.h3 Nc6 21.Bc3 f6 22.g4 Nfe7
23.Bg2 Rac8 24.Rhe1 Bf7 25.g5 Nd5 26.Bd2 Kb8 27.Kb1 f5 28.Ng3 g6 29.b3 Ncb4
30.c4 Nd3 31.cxd5 Nxe1 32.Bxe1 Re8 33.Bb4 Rcd8 34.Bf3 Re5 35.Bc3 Ree8 36.Ne2 Rd7
37.Nf4 Rc8 38.Bb4 Re8 39.Kc2 Rc8+ 40.Kd3 Re8 41.Re1 Rxe1 42.Bxe1 Re7 43.Bc3 Kc7
44.h4 Kd7 45.Ng2 Be8 46.Ne3 Kc7 47.Nc4 Bb5 48.a4 Bxc4+ 49.bxc4 b6 50.a5 b5
51.cxb5 axb5 52.Bb4 Rd7 53.Bd2 Kb7 54.Bb4 Ka6 55.Kd4 Rd8 56.Be2 Rd7 57.Bd3 Rd8
58.Kc3 Rd7 59.Kb3 Rd8 60.Bf1 Rd7 61.Bd2 Re7 62.Bf4 Re8 63.Bxd6 Rd8 64.Bc5 Kxa5
65.d6 Rc8 66.Bg2  1-0

[Event "Moscow4"]
[Site "Moscow"]
[Date "1990.??.??"]
[Round "?"]
[White "Olbrikh, H."]
[Black "Bjerring, Kai"]
[Result "1/2-1/2"]
[WhiteElo "2525"]
[BlackElo "2325"]

1.e4 c5 2.Nf3 Nc6 3.Nc3 d6 4.d4 cxd4 5.Nxd4 Nf6 6.Be2 g6 7.O-O Bg7 8.Be3 O-O
9.h3 Bd7 10.Qd2 Rc8 11.Rfe1 a6 12.a4 Ne5 13.Ra3 Nc4 14.Bxc4 Rxc4 15.f3 Be6
16.Nxe6 fxe6 17.Ne2 Qc8 18.c3 Nd7 19.a5 Ne5 20.Qc2 Nxf3+ 21.gxf3 Rxf3 22.Qd3 Bh6
23.Nd4 Rxh3 24.Qd2 e5 25.Nf5 Bf8 26.Qg2 Rh5  1/2-1/2

[Event "Moscow2"]
[Site "Moscow"]
[Date "1990.??.??"]
[Round "?"]
[White "Baumhus, Reinhard"]
[Black "Priehoda, Vitezslav"]
[Result "1-0"]
[WhiteElo "2325"]
[BlackElo "2415"]

1.e4 c5 2.Nc3 Nc6 3.Nge2 g6 4.g3 Bg7 5.Bg2 e6 6.d3 Nge7 7.Bg5 h6 8.Be3 Nd4
9.O-O O-O 10.Rb1 d6 11.Qd2 Kh7 12.b4 Nxe2+ 13.Nxe2 cxb4 14.Qxb4 Nc6 15.Qa3 Qe7
16.c4 b6 17.Bxb6 Bd7 18.Bc7 Rfc8 19.Bxd6 Qe8 20.e5 Nxe5 21.Bxe5 Bxe5 22.d4 Bg7
23.Bxa8 Rxa8 24.Rfd1 Rc8 25.Rbc1 Bc6 26.Qd3 Rd8 27.Qe3 h5 28.h4 Qd7 29.d5 exd5
30.cxd5 Bxd5 31.Nf4 Qb7 32.Rxd5 Rxd5 33.Nxd5 Qxd5 34.Qxa7 Bd4 35.Rd1 Bxf2+
36.Kxf2 Qxd1 37.Qxf7+ Kh6 38.Qe6 Qc2+ 39.Qe2 Qc5+ 40.Kg2 Qd5+ 41.Kh2 Qa5
42.Qb2 Kh7 43.a3 Qa4 44.Qb7+ Kh6 45.Qc8 Kh7 46.Qc7+ Kg8 47.Qd6 Kh7 48.Qe7+ Kg8
49.Qb4 Qc2+ 50.Kg1 Qd1+ 51.Kf2 Qc2+ 52.Ke3 Qc1+ 53.Ke4 Qc2+ 54.Kf4 Qf5+ 55.Ke3 Qe5+
56.Kf3 Qf5+ 57.Qf4 Qd3+ 58.Qe3 Qf1+ 59.Ke4 Qc4+ 60.Ke5 Qb5+ 61.Kd6 Qb8+ 62.Kd7 Qb7+
63.Kd8 Qb8+ 64.Ke7 Kh7 65.Qd3 Qe5+ 66.Kd7 Qg7+ 67.Kc6 Qf6+ 68.Qd6 Qc3+ 69.Kd7  1-0